000 00801nam a2200253Ia 4500
003 OSt
005 20220928132636.0
006 a|||||r|||| 00| 0
007 ta
008 220927b |||||||| |||| 00| 0 eng d
020 _c2495
024 _a127444
037 _b105, 10/11/2015, Excel Book International
_cTextual
040 _aSDCL
_cSDCL
_beng
041 _2eng
_aeng
082 _aV233'M39, Q5
100 _aGupta Sudha Ed.
_9482526
245 0 _aOriginal documents relating to Rani Lakshmi Bai of Jhansi (1839-1859)
260 _aNew Delhi
_bManohar Publishers and Distributors
_c2015
300 _axxxviii;608p.
_ccm.
650 _aHistory
942 _hV233'M39, Q5
_cTEXL
_2CC
999 _c795270
_d795270